000 nam a22 7a 4500
999 _c48250
_d48250
003 Nust
005 20170112184522.0
008 170112b xxu||||| |||| 00| 0 eng d
020 _a0671038931
040 _cNust
082 _a813.54
_bKUB
100 _a Kube-McDowell, Michael P.
245 _a Isaac Asimov's Robot City /
_cMichael P. Kube-McDowell
260 _aNew York:
_bIbook inc,
_c1987
300 _a448p.
650 _aRobots
650 _aScience fiction, American
942 _2ddc
_cBK